000 00190nam a2200085Ia 4500
008 120527s9999 xx 000 0 und d
100 _aRatliff
245 _aMach bands Quantitaive
942 _cBK
999 _c27801
_d27801